00458nam a2200145Ia 4500003000400000005001700004008004100021040000900062082001500071100004700086245011300133260004600246300000900292650001100301OSt20210920123542.0190216s9999||||xx |||||||||||||| ||und|| coclc a297bMUH/K aMuhammad, Immam Thakyudheen Abi Bakar Bin  0aKifaya Al Akhyav /cImmam Thakyudheen Abi Bakar Bin Muhammad ; Al Husaini Al Husma Al Dham Al Shaqi Al Shafi bThe Religions Departmentof Qatar,aQatar: a618p aArabic